Statystyki dla Quiz o Sudanie

Kliknij tutaj aby rozwiązać quiz!

Ogólne statystyki

  • Ten quiz został rozwiązany 974 razy
  • Średni wynik to 16 z 21

Statystyki odpowiedzi

WskazówkaOdpowiedź% Poprawnych
Państwo granicząceEgipt
96%
Państwo granicząceSudan Południowy
95%
Najdłuższa rzekaNil
94%
Dominująca religiaIslam
92%
Pustynia, która pokrywa
większość terytorium Sudanu
Sahara
92%
Państwo granicząceCzad
91%
Państwo granicząceEtiopia
91%
Język urzędowyArabski
90%
Państwo granicząceErytrea
90%
Morze, nad którym leży SudanMorze Czerwone
88%
Państwo granicząceLibia
87%
StolicaChartum
85%
Język urzędowyAngielski
79%
Sudan ma największą liczbę tego
rodzaju starożytnej budowli,
więcej niż jego północny sąsiad
Piramida
77%
Państwo granicząceRepublika
Środkowoafrykańska
74%
W Sudanie możemy znaleźć
drugą największą populację
tego pustynnego zwierzęcia
Wielbłąd
66%
Główne dopływy tej rzekiNil Biały
49%
Główne dopływy tej rzekiNil Błękitny
45%
Największe miasto nad tym morzemPort Sudan
31%
Nazwa historycznego regionu
położonego na północy
Nubia
29%
Region, którego konflikt
został nazwany ludobójstwem
Darfur
27%

Rozkład punktacji

Percentyl według liczby udzielonych odpowiedzi

Procent ludzi z każdym wynikiem

Twoja historia wyników

Nie rozwiązałeś tego quizu